| 000 | 01185nab a22002417a 4500 | ||
|---|---|---|---|
| 999 |
_c6081 _d6081 |
||
| 003 | OSt | ||
| 005 | 20260121185830.0 | ||
| 008 | 190502c xxu||||| |||| 00| 0 spa d | ||
| 040 | _cPJ | ||
| 100 |
_94831 _aSandhagen, Alberto |
||
| 245 | 1 | 3 |
_aEl arresto domiciliario en personas mayores de edad : _bun comentario al fallo “Alfonso ” de la Corte Suprema / _cAlberto Sandhagen. |
| 260 |
_aCiudad Autónoma de Buenos Aires : _bThomson Reuters La Ley, _c2024. |
||
| 300 | _ap. 19-32 | ||
| 505 | _aSumario: I. Objetivo.— II. Antecedentes de la causa.— III. Reflexiones críticas sobre la resolución del caso.— IV. Consideraciones finales. | ||
| 505 | _aFallo comentado: CS, 29/02/2024. - Alfonso, Eduardo s/ incidente de recurso extraordinario. | ||
| 505 | _t¿Te interesa el texto completo? Solicitalo al correo: koha@justierradelfuego.gov.ar | ||
| 650 | 0 |
_9343 _aDERECHO PENAL |
|
| 650 | 0 |
_94065 _aPRISION DOMICILIARIA |
|
| 650 | 0 |
_96334 _aCRÍMENES DE LESA HUMANIDAD |
|
| 650 | 0 |
_9699 _aFALLOS DE LA CORTE SUPREMA |
|
| 773 | 0 |
_02729 _93180 _dBuenos Aires : LexisNexis, 2006- _tRevista de derecho penal y procesal penal. Nº 6 - Junio 2024 _z9875920622 |
|
| 942 |
_2udc _cANA |
||